| 000 | 00742nam a22002531i 4500 | ||
|---|---|---|---|
| 001 | 22746 | ||
| 003 | SK-KTurca | ||
| 005 | 20260422160949.0 | ||
| 008 | 240126s1988 xo r 000 slo d | ||
| 020 | _c29,- Kčs | ||
| 035 | _a(SVKBBclas03)vtls000099196 | ||
| 040 |
_aSVKBB _bslo _cSVKBB _eAACR2 |
||
| 041 | 1 |
_aslo _hger |
|
| 044 |
_axo _cSK |
||
| 080 | _a830-31=854 | ||
| 100 | 1 |
_aAndersch, Alfred, _d1914-1980, |
|
| 245 | 0 | 0 |
_aEfraim _cAlfred Andersch; z nem. orig. prel. Magda Takáčová |
| 250 | _a1. vyd. | ||
| 260 |
_aBratislava _bSlovenský spisovateľ _c1988 |
||
| 300 | _a290 s. | ||
| 440 | 0 |
_a(Spoločnosť priateľov krásnych kníh _vZv. 492) |
|
| 700 | 1 |
_aTakáčová, Magda, _d1924-2018, _eprekl. |
|
| 942 |
_2ddc _cKLDO _n0 |
||
| 999 |
_c22746 _d22746 |
||